000 00794nam a2200241Ia 4500
003 OSt
005 20220923214826.0
006 a|||||r|||| 00| 0
007 ta
008 220922b |||||||| |||| 00| 0 hin d
024 _a173,119
037 _cTextual
040 _aARTS
_cARTS
_bhin
041 _2hin
_ahin
082 _aO152:6N171w, K4
100 _aमुक्तिबोध, गजानन माधव
245 0 _aएक साहित्यिक की डायरी
246 _aEk sāhityik kī ḍāyarī
260 _c1964
490 _aज्ञानपीठ लोकोदय ग्रंथमाला; 197
942 _hO152:6N171w, K4
_cTEXL
_2CC
999 _c327026
_d327026